| 000 | 00845nam a2200217 a 4500 | ||
|---|---|---|---|
| 001 | 000013117 | ||
| 005 | 20250227073849.0 | ||
| 008 | 091120s1994 dr c 000 f spa d | ||
| 040 |
_aDO-SdBNP _bspa _cBNPHU |
||
| 082 |
_aRD863.44 _bR918b |
||
| 100 | 1 |
_aRueda, Manuel, _d1921-1999 _922834 |
|
| 245 | 1 | 0 |
_aBienvenida y la noche : _b(crónicas de Montecristi) / _cManuel Rueda ; prólogo José Alcántara Almánzar ; edición Andrés Blanco Díaz. |
| 260 |
_aSanto Domingo : _bFundación Cultural Dominicana, _c1994. |
||
| 300 |
_a188 p. : _bretrs. ; _c25 cm. |
||
| 590 | _aInventariado, 2019/VM | ||
| 650 | 0 |
_aNovela histórica dominicana. _9860 |
|
| 650 | 0 |
_aLiteratura dominicana. _967 |
|
| 700 | 1 |
_aBlanco Díaz, Andrés _eed. _9172 |
|
| 700 | 1 |
_aAlcántara Almánzar, José _d1946- _epról. _97018 |
|
| 910 | _aValidado. Control de calidad MMOLINA | ||
| 999 |
_c12759 _d12759 |
||